00730 a2200133 4500020002700000020003000027100001600057245006400073250001200137260004700149300002900196520028900225856008200514 a0071135898 (hardcover) a9780071135894 (hardcover)1 aPoe, Roy W.14aThe mcgraw-hill handbook of business letters /cRoy W. Poe. a3rd ed. a[S.l.] :bMcGraw-Hill Professional,c1994. a1 v. (unpaged) ;c24 cm. aA guide to the fundamentals of a business and personal writing style. Key rules of grammar are reviewed to facilitate correct structure, spelling and punctuation. Basic letter elements and formats are then described, and extensive examples of good and bad writing styles are provided.403Amazon.comuhttp://www.amazon.com/exec/obidos/ASIN/0071135898/chopaconline-20